Sports Quiz

Random Sports or Baseball Quiz

Opening Day Lineups: Yankees Quiz Stats

 Plays Quiz Updated Apr 4, 2019

Score 0/290 Timer 15:00
16 Plays Today
Year Player % Correct
1996Derek Jeter
98.7%
1997Derek Jeter
98.7%
1998Derek Jeter
98.7%
1999Derek Jeter
98.7%
2000Derek Jeter
98.7%
2002Derek Jeter
98.7%
2003Derek Jeter
98.7%
2004Derek Jeter
98.7%
2005Derek Jeter
98.7%
2006Derek Jeter
98.7%
2007Derek Jeter
98.7%
2008Derek Jeter
98.7%
2009Derek Jeter
98.7%
2011Derek Jeter
98.1%
2012Derek Jeter
98.1%
2014Derek Jeter
97.9%
2010Derek Jeter
97.8%
2004Alex Rodriguez
96.2%
2005Alex Rodriguez
96.2%
2006Alex Rodriguez
96.2%
2007Alex Rodriguez
96.2%
2008Alex Rodriguez
96.2%
2010Alex Rodriguez
95.4%
2011Alex Rodriguez
95%
2012Alex Rodriguez
95%
2019Aaron Judge
94.6%
2000Jorge Posada
94.3%
2001Jorge Posada
94.3%
2002Jorge Posada
94.3%
2003Jorge Posada
94.3%
2004Jorge Posada
94.3%
2005Jorge Posada
94.3%
2006Jorge Posada
94.3%
2007Jorge Posada
94.3%
2008Jorge Posada
94.3%
2009Jorge Posada
94.3%
2018Aaron Judge
94.3%
2015Alex Rodriguez
94.1%
2016Alex Rodriguez
93.6%
2010Jorge Posada
93.2%
2011Jorge Posada
92.2%
2006Robinson Cano
91.1%
2007Robinson Cano
91.1%
2008Robinson Cano
91.1%
2009Robinson Cano
91.1%
2017Aaron Judge
91%
2010Robinson Cano
90%
2009C.C. Sabathia
89.4%
2019Giancarlo Stanton
89.2%
1993Bernie Williams
89.1%
1994Bernie Williams
89.1%
1995Bernie Williams
89.1%
1996Bernie Williams
89.1%
1997Bernie Williams
89.1%
1998Bernie Williams
89.1%
1999Bernie Williams
89.1%
2000Bernie Williams
89.1%
2001Bernie Williams
89.1%
2002Bernie Williams
89.1%
2003Bernie Williams
89.1%
2005Bernie Williams
89.1%
2006Bernie Williams
89.1%
2018Giancarlo Stanton
89.1%
2019Gary Sanchez
89%
2011C.C. Sabathia
88.9%
2012C.C. Sabathia
88.9%
2018Gary Sanchez
88.7%
2013CC Sabathia
88.7%
2014CC Sabathia
88.3%
2010C.C. Sabathia
88.1%
2011Robinson Cano
88.1%
2012Robinson Cano
88.1%
2018Brett Gardner
88%
2019Brett Gardner
87.8%
2013Robinson Cano
87.6%
1996Gerald Williams
87.6%
2017Brett Gardner
86.8%
2011Mark Teixeira
86%
2012Mark Teixeira
86%
2017Gary Sanchez
86%
2015Brett Gardner
85.9%
2014Mark Teixeira
85.5%
2014Brett Gardner
85.4%
1999Roger Clemens
85.3%
2001Roger Clemens
85.3%
2002Roger Clemens
85.3%
2003Roger Clemens
85.3%
2009Mark Teixeira
85.3%
2010Mark Teixeira
85.2%
2013Brett Gardner
85%
2015Mark Teixeira
84.9%
2011Brett Gardner
84.8%
2012Brett Gardner
84.8%
2016Mark Teixeira
83.8%
2011Russell Martin
83.1%
2012Russell Martin
83.1%
2018Didi Gregorius
82.1%
Year Player % Correct
2019Masahiro Tanaka
81.8%
2002Jason Giambi
80.9%
2003Jason Giambi
80.9%
2004Jason Giambi
80.9%
2005Jason Giambi
80.9%
2006Jason Giambi
80.9%
2007Jason Giambi
80.9%
2008Jason Giambi
80.9%
2017Masahiro Tanaka
80.2%
2015Jacoby Ellsbury
80.1%
2016Jacoby Ellsbury
79.6%
2014Jacoby Ellsbury
79.6%
2017Jacoby Ellsbury
78.9%
2009Brett Gardner
78.8%
2016Masahiro Tanaka
78.6%
1996Tino Martinez
78%
1997Tino Martinez
78%
1998Tino Martinez
78%
1999Tino Martinez
78%
2000Tino Martinez
78%
2001Tino Martinez
78%
2019Gleyber Torres
77.9%
2010Brett Gardner
77.8%
2015Masahiro Tanaka
77.4%
2016Didi Gregorius
76.8%
2005Randy Johnson
76.4%
2006Randy Johnson
76.4%
2002Nick Johnson
76.3%
2003Nick Johnson
76.3%
2014Kelly Johnson
76.3%
2019Greg Bird
75.8%
2010Nick Johnson
75.4%
2018Luis Severino
75.1%
1993Paul O'Neill
74.6%
1994Paul O'Neill
74.6%
1995Paul O'Neill
74.6%
1996Paul O'Neill
74.6%
1997Paul O'Neill
74.6%
1998Paul O'Neill
74.6%
1999Paul O'Neill
74.6%
2000Paul O'Neill
74.6%
2001Paul O'Neill
74.6%
1998Andy Pettitte
74.5%
2015Didi Gregorius
74.4%
2006Johnny Damon
74.2%
2007Johnny Damon
74.2%
2008Johnny Damon
74.2%
2009Johnny Damon
74.2%
2017Greg Bird
74.2%
2014Brian McCann
73.9%
2010Curtis Granderson
73.8%
2018Aaron Hicks
73.7%
2003Hideki Matsui
73.5%
2004Hideki Matsui
73.5%
2005Hideki Matsui
73.5%
2006Hideki Matsui
73.5%
2007Hideki Matsui
73.5%
2008Hideki Matsui
73.5%
2009Hideki Matsui
73.5%
2015Brian McCann
73.5%
2014Alfonso Soriano
71.9%
2016Brian McCann
71.8%
1991Don Mattingly
71.8%
1992Don Mattingly
71.8%
1993Don Mattingly
71.8%
1994Don Mattingly
71.8%
1995Don Mattingly
71.8%
2010Nick Swisher
70.7%
2019Luke Voit
70.5%
2019Miguel Andujar
70.4%
2011Curtis Granderson
69.6%
2012Curtis Granderson
69.6%
1998Chuck Knoblauch
69.5%
1999Chuck Knoblauch
69.5%
2000Chuck Knoblauch
69.5%
2001Chuck Knoblauch
69.5%
2013Vernon Wells
68.3%
2001Alfonso Soriano
68.1%
2002Alfonso Soriano
68.1%
2003Alfonso Soriano
68.1%
2004Mike Mussina
66.9%
2015Chase Headley
66%
2016Chase Headley
65.6%
1996Joe Girardi
65.3%
1997Joe Girardi
65.3%
1998Joe Girardi
65.3%
1999Joe Girardi
65.3%
1996David Cone
65.2%
1997David Cone
65.2%
1998Scott Brosius
65.1%
1999Scott Brosius
65.1%
2000Scott Brosius
65.1%
2001Scott Brosius
65.1%
2014Carlos Beltran
64.8%
2015Carlos Beltran
64.3%
2017Chase Headley
64%
2016Starlin Castro
63.9%
Year Player % Correct
2017Starlin Castro
63.3%
2011Nick Swisher
62.4%
2012Nick Swisher
62.4%
2016Carlos Beltran
61.8%
2016Aaron Hicks
60%
2019Troy Tulowitzki
58.4%
2004Gary Sheffield
58.2%
2005Gary Sheffield
58.2%
2006Gary Sheffield
58.2%
1993Wade Boggs
57.6%
1994Wade Boggs
57.6%
1995Wade Boggs
57.6%
1996Wade Boggs
57.6%
1997Wade Boggs
57.6%
2018Neil Walker
55.4%
2008Melky Cabrera
51.4%
2017Matt Holliday
51.4%
2017Ronald Torreyes
51%
2007Bobby Abreu
49.8%
2008Bobby Abreu
49.8%
2013Francisco Cervelli
48.6%
2013Ichiro Suzuki
48.5%
2018Brandon Drury
47.1%
2008Chien-Ming Wang
46.3%
1997Darryl Strawberry
46.2%
2015Stephen Drew
45.8%
2018Tyler Austin
44.8%
2014Brian Roberts
43.6%
1993Jimmy Key
42.6%
1994Jimmy Key
42.6%
1995Jimmy Key
42.6%
2000Orlando Hernandez
42.4%
1998Chili Davis
42.1%
1999Chili Davis
42.1%
1997Cecil Fielder
42.1%
2013Eduardo Nunez
42%
2013Kevin Youkilis
40.3%
2001David Justice
40.1%
1996Ruben Sierra
40.1%
2004Ruben Sierra
40.1%
2005Ruben Sierra
40.1%
2012Raul Ibanez
37.7%
2000Shane Spencer
37.6%
2002Shane Spencer
37.6%
1991Jim Leyritz
37.4%
1995Jim Leyritz
37.4%
1991Steve Sax
37.2%
1992Pat Kelly
37%
1993Pat Kelly
37%
1994Pat Kelly
37%
1995Pat Kelly
37%
1991Roberto Kelly
37%
1992Roberto Kelly
37%
2007Carl Pavano
36.9%
1992Danny Tartabull
35.4%
1993Danny Tartabull
35.4%
1994Danny Tartabull
35.4%
1995Danny Tartabull
35.4%
1992Charlie Hayes
34.5%
1998Chad Curtis
34.4%
1996Mariano Duncan
34.1%
1997Mariano Duncan
34.1%
2004Kenny Lofton
33.4%
2009Xavier Nady
33.4%
2002Robin Ventura
33%
2003Robin Ventura
33%
1994Mike Stanley
32%
1995Mike Stanley
32%
2013Jayson Nix
31.8%
1999Ricky Ledee
31.3%
2000Ricky Ledee
31.3%
2004Enrique Wilson
30.5%
2001Luis Sojo
30.4%
1995Tony Fernandez
30.1%
2009Cody Ransom
29.5%
2002Rondell White
28.9%
2003Raul Mondesi
28.3%
2005Tony Womack
28.2%
1992Matt Nokes
27%
1993Matt Nokes
27%
1991Kevin Maas
25.6%
1993Kevin Maas
25.6%
1991Jesse Barfield
25.5%
1992Jesse Barfield
25.5%
2013Ben Francisco
23.6%
2007Josh Phelps
23.2%
1992Randy Velarde
23.2%
1992Mel Hall
22.2%
1994Luis Polonia
20.6%
1994Mike Gallego
19.8%
1991Alvaro Espinoza
19.4%
1992Scott Sanderson
19.3%
1991Hensley Meulens
16.3%
1993Spike Owen
16.3%
1991Tim Leary
16%
1991Mike Blowers
15.4%

You're not logged in!

Compare scores with friends on all Sporcle quizzes.
OR
Log In

Sporcle TV

Today on Sporcle TV


Watch our educational content, quiz creation guides, and fun videos on Sporcle TV.

Show Comments

Extras

Top Quizzes Today


Score Distribution

Your Account Isn't Verified!

In order to create a playlist on Sporcle, you need to verify the email address you used during registration. Go to your Sporcle Settings to finish the process.

Report this User

Report this user for behavior that violates our Community Guidelines.

Details: